[Event "TUR Cup"]
[Site "Adapazari"]
[Date "2022.03.30"]
[Round "8"]
[White "Togrul, Ayberk"]
[Black "Akdeniz, Samet"]
[Result "1-0"]
[WhiteElo "1526"]
[BlackElo "1027"]
[PlyCount "113"]
[EventDate "2022.03.25"]
[EventType "swiss"]
[EventRounds "11"]
[EventCountry "TUR"]
[SourceTitle "EXT 2023"]
[Source "ChessBase"]
[SourceDate "2022.10.05"]
[SourceVersion "1"]
[SourceVersionDate "2022.10.05"]
[SourceQuality "1"]

1. Nf3 Nf6 2. g3 e6 3. Bg2 d5 4. d3 Be7 5. 0-0 0-0 6. c4 c5 7. Nbd2 Nbd7 8. e4 d4 9. e5 Ng4 10. Re1 Qc7 11. Nxd4 Ngxe5 12. Nb5 Qd8 13. Nf3 Ng6 14. d4 a6 15. Nc3 cxd4 16. Nxd4 Bf6 17. Ne4 Qb6 18. Nxf6+ Nxf6 19. Nb3 e5 20. Be3 Qc7 21. Rc1 Bg4 22. Qc2 Rad8 23. Bg5 Rfe8 24. Bxf6 gxf6 25. Nd2 Rd4 26. Re4 Bf5 27. g4 Bxe4 28. Nxe4 Kg7 29. g5 fxg5 30. Nxg5 h6 31. Ne4 b6 32. Ng3 Rd7 33. Nh5+ Kf8 34. Nf6 Red8 35. Nxd7+ Rxd7 36. b3 Kg7 37. Qe2 Rd4 38. Rd1 Qd7 39. Rxd4 Qxd4 40. Qe3 Qd6 41. Bd5 a5 42. Qe4 Qf6 43. Qg4 h5 44. Qxh5 Qf4 45. Bg2 e4 46. Qd1 Nh4 47. Qd4+ f6 48. Qxe4 Qc1+ 49. Bf1 Qg5+ 50. Kh1 Kf7 51. Qb7+ Kg6 52. Bd3+ Kh5 53. Qd5 f5 54. Be2+ Kh6 55. Qe6+ Kg7 56. Qe5+ Kg6 57. Qg3 1-0

[Event "TUR-chT Clubs"]
[Site "Konya"]
[Date "2019.07.18"]
[Round "4.22"]
[White "Yildiz, Eyup Ensar"]
[Black "Togrul, Ayberk"]
[Result "1/2-1/2"]
[WhiteElo "1555"]
[BlackElo "1491"]
[PlyCount "120"]
[EventDate "2019.07.16"]
[EventType "team-swiss"]
[EventRounds "9"]
[EventCountry "TUR"]
[SourceTitle "CBM 191 Extra"]
[Source "ChessBase"]
[SourceDate "2019.09.30"]
[SourceVersion "1"]
[SourceVersionDate "2019.09.30"]
[SourceQuality "1"]
[WhiteTeam "Avanos Genclik"]
[BlackTeam "Bolu Dernegi"]
[WhiteTeamCountry "TUR"]
[BlackTeamCountry "TUR"]

1. e4 c5 2. Nf3 e6 3. d4 cxd4 4. Nxd4 Nc6 5. Nf3 a6 6. a3 Bc5 7. Bd3 Nge7 8. Nc3 d5 9. exd5 Nxd5 10. Nxd5 Qxd5 11. 0-0 Nd4 12. Nxd4 Qxd4 13. Qf3 Qf6 14. Qg3 h6 15. c3 0-0 16. Bf4 Bd7 17. h4 Qe7 18. Bxh6 f5 19. Bf4 Kf7 20. b4 Ba7 21. Bd6 Qf6 22. Bxf8 Rxf8 23. Rad1 Rh8 24. Qg5 Qxg5 25. hxg5 Bc6 26. Rfe1 Bb8 27. Bc4 Rh2 28. Bxe6+ Kg6 29. Bd5 Ba4 30. Rd3 Rh8 31. Bxb7 Bh2+ 32. Kf1 Bb5 33. Red1 Rd8 34. Ke2 Kxg5 35. g3 Kg4 36. Bf3+ Kg5 37. Bg2 f4 38. Be4 Kg4 39. Ke1 Bxd3 40. Rxd3 Rxd3 41. Bxd3 fxg3 42. fxg3 a5 43. b5 Bxg3+ 44. Ke2 Bd6 45. a4 Kf4 46. c4 Bc5 47. Bg6 Ke5 48. Kd3 Kd6 49. Ke4 Bb6 50. Kd3 Bc5 51. Bf7 Bb6 52. Ke4 Bc5 53. Bd5 Bb6 54. Kf5 Bc5 55. Kg6 Bd4 56. Kf7 Kc5 57. Ke7 Kb6 58. Kd7 Bc5 59. Bc6 Bg1 60. Kd6 Bc5+ 1/2-1/2